লোডিং...

Matrix riccati equations in control and systems theory

গ্রন্থ-পঞ্জীর বিবরন
প্রধান লেখক: Abou-Kandil, Hisham
অন্যান্য লেখক: Abou-Kandil, Hisham... [et al]
বিন্যাস: Printed Book
ভাষা:English
প্রকাশিত: Switzerland; Birkhauser, 2003.
বিষয়গুলি:
LEADER 00555nam a22001577a 4500
003 OSt
008 090922t xxu||||| |||| 00| 0 eng d
082 |a 517.923  |b ABO 
100 |a Abou-Kandil, Hisham  |9 67 
245 |a Matrix riccati equations in control and systems theory 
260 |a Switzerland;  |b Birkhauser,  |c 2003. 
653 |a Algebraic riccati equations 
700 |a Abou-Kandil, Hisham... [et al]  |9 68 
942 |c BK  |6 _ 
999 |c 216048  |d 216048 
952 |0 0  |1 0  |4 0  |6 517923_ABO  |7 0  |9 280083  |a MAT  |b MAT  |d 2009-09-22  |o 517.923 ABO  |p MAT07693  |r 2009-09-22  |t 1  |w 2009-09-22  |y BK